| 000 -ლიდერი |
| ფიქსირებული სიგრძის საკონტროლო ველი |
01854nam a2200277Ia 4500 |
| 001 - საკონტროლო ნომერი |
| საკონტროლო ველი |
3539 |
| 003 - საკონტროლო ნომრის იდენტიფიკატორი |
| საკონტროლო ველი |
GE_BSU |
| 005 - ბოლო ოპერაციის თარიღი და დრო |
| საკონტროლო ველი |
20190621183930.0 |
| 008 - ფიქსირებული სიგრძის მონაცემთა ელემენტები - ზოგადი ინფორმაცია |
| ფიქსირებული სიგრძის საკონტროლო ველი |
181216s2009||||ge |||||||||||||| ||geo|| |
| 020 ## - წიგნის საერთაშორისო სტანდარტული ნომერი |
| International Standard Book Number |
9789941416149 |
| 040 ## - კატალოგიზაციის წყარო |
| Transcribing agency |
GE_BSU |
| 041 ## - ენის კოდი |
| Language code of text/sound track or separate title |
geo |
| 080 ## - უნივერსალური ათობითი კლასიფიკაციის ინდექსი |
| Universal Decimal Classification number |
371 ი–56 |
| 100 ## - მთავარი ჩანაწერი - პიროვნების სახელი |
| Personal name |
გოგიჩაძე, ნინო |
| 9 (RLIN) |
2759 |
| 245 ## - ცნობა სათაურის შესახებ |
| Title |
ინდივიდუალური საგანმანათლებლო გეგმა ისგ : |
| Remainder of title |
გზამკვლევი მასწავლებლებისა და სასკოლო ადმინისტრაციისათვის / |
| Statement of responsibility, etc |
ინვალიდ ქალთა და ინვალიდ ბავშვთა დედათა ასოციაცია-დეა ; ავტ.-შემდგ.: ნინო გოგიჩაძე, ნატა მეთარიშვილი, თეონა ლოდია, გიორგი ბისეიშვილი ; მხატვ. ზურაბ სულაკაური |
| 264 ## - წარმოების, გამოცემის, დისტრიბუციის და სხვა ცნობები |
| გამოცემის, წარმოების, დისტრიბუციის... ადგილი |
თბილისი : |
| გამოცემის, წარმოების, დისტრიბუციის... სახელწოდება |
ნეკერი, |
| გამოცემის, წარმოების, დისტრიბუციის... თარიღი |
2009. |
| 300 ## - ფიზიკური აღწერა |
| Extent |
84 გვ.; |
| Other physical details |
21 სმ. |
| 653 ## - INDEX TERM--UNCONTROLLED |
| Uncontrolled term |
ინკლუზიური განათლება |
| 700 ## - ADDED ENTRY--PERSONAL NAME |
| Personal name |
გოგიჩაძე, ნინო |
| Relator term |
ავტორი |
| 9 (RLIN) |
2759 |
| 700 ## - ADDED ENTRY--PERSONAL NAME |
| Personal name |
მეთარიშვილი, ნატა |
| Relator term |
ავტორი |
| 9 (RLIN) |
2760 |
| 700 ## - ADDED ENTRY--PERSONAL NAME |
| Personal name |
ლოდია, თეონა |
| Relator term |
ავტორი |
| 9 (RLIN) |
2761 |
| 700 ## - ADDED ENTRY--PERSONAL NAME |
| Personal name |
ბისეიშვილი, გიორგი |
| Relator term |
ავტორი |
| 9 (RLIN) |
2762 |
| 700 ## - ADDED ENTRY--PERSONAL NAME |
| Personal name |
სულაკაური, ზურაბ |
| Relator term |
მხატვარი |
| 9 (RLIN) |
2763 |
| 710 ## - ADDED ENTRY--CORPORATE NAME |
| Corporate name or jurisdiction name as entry element |
ინვალიდ ქალთა და ინვალიდ ბავშვთა დედათა ასოციაცია-დეა |
| 9 (RLIN) |
2764 |
| 942 ## - ADDED ENTRY ELEMENTS (KOHA) |
| Koha item type |
წიგნი |
| Source of classification or shelving scheme |
|